| 000 | 00525nam a2200181Ia 4500 | ||
|---|---|---|---|
| 008 | 090630s9999 xx 000 0 und d | ||
| 082 | _b28453 | ||
| 100 | _aकाळे विजया. | ||
| 245 |
_aबहर. _cकाळे विजया. |
||
| 260 |
_bश्रीकल्प - मुंबई. _c2007 |
||
| 300 | _a122 | ||
| 600 | _aकाळे विजया. | ||
| 630 | _aबहर. | ||
| 655 | _aलघुकथा. | ||
| 700 | _aकाळे विजया. | ||
| 730 | _aबहर. | ||
| 942 | _cBOOK | ||
| 999 |
_c280309 _d280309 |
||